[Event "3. ODEM U25 2006"]
[Site "Willingen GER"]
[Date "2006.06.06"]
[Round "5"]
[White "Worpenberg, Matthias"]
[Black "Kamrla, Robin"]
[Result "0-1"]
[Termination "normal"]
[Board "30"]
[WhiteElo "951"]
[BlackElo "1532"]
[PlyCount "48"]
[WhiteFideId "24618128"]
[EventCountry "GER"]
[EventRounds "9"]
[EventType "swiss"]
[EventDate "2006.06.03"]

1. e4 c5 2. Nf3 Nc6 3. d4 cxd4 4. Nxd4 Nf6 5. Nc3 e5 6. Nb3 d6 7. Bc4 a6 8. Bg5
Be7 9. Qd2 b5 10. Bxf6 Bxf6 11. Bd5 Bd7 12. Ne2 Rc8 13. f4 Be6 14. Bxe6 fxe6
15. O-O-O Be7 16. Ng3 exf4 17. Qxf4 Bg5 18. Rxd6 Bxf4+ 19. Rd2 Bxd2+ 20. Nxd2
O-O 21. Nb3 Nb4 22. c3 Rf2 23. Rg1 Qd3 24. Na1 Nxa2# 0-1

[Event "3. ODEM U25 2006"]
[Site "Willingen GER"]
[Date "2006.06.06"]
[Round "5"]
[White "Tiemann, Tobias"]
[Black "Schmalz, David"]
[Result "1/2-1/2"]
[Termination "normal"]
[Board "31"]
[WhiteElo "989"]
[BlackElo "1809"]
[PlyCount "102"]
[WhiteFideId "4642350"]
[BlackFideId "4642228"]
[EventCountry "GER"]
[EventRounds "9"]
[EventType "swiss"]
[EventDate "2006.06.03"]

1. Nc3 Nf6 2. e4 d5 3. e5 Nfd7 4. d4 c5 5. Nf3 cxd4 6. Qxd4 e6 7. Bf4 Bc5 8.
Qd2 a6 9. Na4 Ba7 10. Be3 b5 11. Bxa7 Rxa7 12. Nc3 Nc6 13. Qe3 Qc7 14. Qg5 O-O
15. O-O-O Ndxe5 16. Nxe5 Qxe5 17. Qxe5 Nxe5 18. f4 Ng4 19. Rd2 Rc7 20. Be2 Nf6
21. g4 Bb7 22. Rf1 b4 23. Nd1 Rfc8 24. Kb1 Ne4 25. Rd4 Rxc2 26. Nc3 Rd2 27.
Rxb4 Rxe2 28. Nxe4 dxe4 29. Rxb7 Rec2 30. h4 e3 31. Rb8 Rxb8 32. Kxc2 Rb4 33.
b3 e5 34. fxe5 Rxg4 35. Kd3 e2 36. Re1 Rxh4 37. Rxe2 h5 38. e6 Rh3+ 39. Kd4
fxe6 40. Rxe6 h4 41. Rxa6 Rh1 42. Ke3 Rg1 43. Ra5 h3 44. Rh5 Rc1 45. Kf2 Rc2+
46. Kg3 Rxa2 47. Rxh3 Rb2 48. Kf4 Kf7 49. Kg5 Rg2+ 50. Kf5 g6+ 51. Ke5 Re2+
1/2-1/2

[Event "3. ODEM U25 2006"]
[Site "Willingen GER"]
[Date "2006.06.06"]
[Round "5"]
[White "Schneider, Christian"]
[Black "Kahleys, Kevin"]
[Result "1-0"]
[Termination "normal"]
[Board "32"]
[WhiteElo "2039"]
[BlackElo "1448"]
[PlyCount "115"]
[WhiteFideId "24613886"]
[BlackFideId "24669601"]
[EventCountry "GER"]
[EventRounds "9"]
[EventType "swiss"]
[EventDate "2006.06.03"]

1. Nc3 e6 2. e4 d5 3. d4 c5 4. exd5 exd5 5. Nf3 cxd4 6. Qxd4 Nf6 7. Bg5 Be7 8.
O-O-O Nc6 9. Qd2 Be6 10. Bxf6 Bxf6 11. Nxd5 Bxd5 12. Qxd5 Qxd5 13. Rxd5 Nb4 14.
Rb5 a5 15. a3 Nc6 16. Rxb7 O-O 17. Bc4 Rab8 18. Rxb8 Rxb8 19. b3 a4 20. Re1 Kf8
21. Rd1 Na5 22. Rd3 Nxc4 23. bxc4 Rc8 24. Nd2 Bg5 25. Rd4 Be7 26. Rd3 Bg5 27.
Rd5 h6 28. g3 Bxd2+ 29. Kxd2 Rxc4 30. c3 Ke7 31. Rd4 Rxd4+ 32. cxd4 Kd6 33. Kd3
Kd5 34. f3 f6 35. h4 g6 36. g4 h5 37. gxh5 gxh5 38. Kc3 f5 39. Kd3 f4 40. Kc3
Kd6 41. Kc4 Kc6 42. d5+ Kd6 43. Kd4 Kd7 44. Ke5 Ke7 45. Kxf4 Kf6 46. Ke4 Ke7
47. Ke5 Kd7 48. f4 Ke7 49. f5 Ke8 50. Ke6 Kd8 51. f6 Ke8 52. f7+ Kf8 53. d6 Kg7
54. d7 Kg6 55. f8=Q Kh7 56. d8=Q Kg6 57. Qdf6+ Kh7 58. Q8h8# 1-0

[Event "3. ODEM U25 2006"]
[Site "Willingen GER"]
[Date "2006.06.06"]
[Round "5"]
[White "Wierum, Colin"]
[Black "Sieker, Roland"]
[Result "0-1"]
[Termination "normal"]
[Board "33"]
[WhiteElo "1459"]
[BlackElo "1984"]
[PlyCount "80"]
[WhiteFideId "24677981"]
[BlackFideId "24600261"]
[EventCountry "GER"]
[EventRounds "9"]
[EventType "swiss"]
[EventDate "2006.06.03"]

1. e4 c5 2. Nf3 d6 3. d4 cxd4 4. Nxd4 Nf6 5. Nc3 Nc6 6. Be3 g6 7. f3 Bg7 8. Qd2
Bd7 9. O-O-O a6 10. g4 O-O 11. h4 Rc8 12. h5 b5 13. hxg6 fxg6 14. Bh6 Nxd4 15.
Qxd4 Bxh6+ 16. Rxh6 Qa5 17. e5 b4 18. Nb1 dxe5 19. Qe3 Be6 20. Bd3 Kg7 21. Qg5
Bf7 22. f4 Rc5 23. Rdh1 Rh8 24. fxe5 Rxe5 25. Qf4 Qc5 26. Nd2 Qe3 27. Qxe3 Rxe3
28. R6h4 a5 29. g5 Nh5 30. R4h3 Ng3 31. Rg1 Ne2+ 32. Bxe2 Rxh3 33. Bg4 Re3 34.
b3 h5 35. gxh6+ Rxh6 36. Bd7 Bd5 37. Nf1 Rf3 38. Bb5 Rf2 39. Ne3 Be4 40. Rd1
Rhh2 0-1

[Event "3. ODEM U25 2006"]
[Site "Willingen GER"]
[Date "2006.06.06"]
[Round "5"]
[White "Tiemann, Christoph"]
[Black "Hinz, Arne"]
[Result "1/2-1/2"]
[Termination "normal"]
[Board "34"]
[WhiteElo "1536"]
[BlackElo "1784"]
[PlyCount "59"]
[WhiteFideId "24676900"]
[BlackFideId "24634875"]
[EventCountry "GER"]
[EventRounds "9"]
[EventType "swiss"]
[EventDate "2006.06.03"]

1. e4 e5 2. Nf3 Nf6 3. Nxe5 d6 4. Nf3 Nxe4 5. Nc3 Nf6 6. d4 Be7 7. Be2 O-O 8.
O-O Bg4 9. Re1 Nbd7 10. Bf4 Nb6 11. d5 a6 12. b3 Re8 13. Qd2 Nfd7 14. Ne4 Bf5
15. Ng3 Bg6 16. c4 Bf6 17. Rad1 Nc5 18. h4 Ne4 19. Nxe4 Bxe4 20. Ng5 Bf5 21.
Bd3 Qd7 22. Qc2 Bxd3 23. Qxd3 Bxg5 24. Bxg5 h6 25. Bc1 Qg4 26. g3 Nd7 27. Bb2
Ne5 28. Bxe5 dxe5 29. Re4 Qd7 30. Rde1 1/2-1/2

[Event "3. ODEM U25 2006"]
[Site "Willingen GER"]
[Date "2006.06.06"]
[Round "5"]
[White "Kabitzke, Julian"]
[Black "Mertens, Fridolin"]
[Result "0-1"]
[Termination "normal"]
[Board "35"]
[WhiteElo "1363"]
[BlackElo "1694"]
[PlyCount "107"]
[WhiteFideId "24669547"]
[BlackFideId "24671940"]
[EventCountry "GER"]
[EventRounds "9"]
[EventType "swiss"]
[EventDate "2006.06.03"]

1. e4 c5 2. Nf3 d6 3. d4 cxd4 4. Nxd4 Nf6 5. Nc3 a6 6. Be3 e5 7. Nb3 Be6 8. Be2
Be7 9. O-O O-O 10. f4 exf4 11. Bxf4 b5 12. a3 Nc6 13. Nd4 Qb6 14. Be3 d5 15.
Bf3 dxe4 16. Nxe4 Nd5 17. Bf2 Nxd4 18. Bxd4 Qc7 19. c3 Rad8 20. Qe1 Nf4 21. Rd1
Bc4 22. Qg3 Rxd4 23. Rxd4 Bxf1 24. Kxf1 Qe5 25. Nf6+ Bxf6 26. Qxf4 Qe6 27. Rd6
Qa2 28. Qd2 a5 29. Ra6 Rd8 30. Qe2 Qb1+ 31. Kf2 Qg6 32. Rxa5 Bh4+ 33. g3 Qb6+
34. Qe3 Qxa5 35. gxh4 g6 36. h5 Qc7 37. Kg2 Qd6 38. Qe2 Qf4 39. Kg1 Qc1+ 40.
Qf1 Qe3+ 41. Qf2 Qxf2+ 42. Kxf2 Rd2+ 43. Ke3 Rxb2 44. hxg6 hxg6 45. Kd4 Rb3 46.
Be2 Kf8 47. h3 Ke7 48. a4 bxa4 49. Bd1 Ra3 50. Kc4 Ra1 51. Bc2 f5 52. Kb4 Kd6
53. Bxa4 Rxa4+ 54. Kxa4 0-1

[Event "3. ODEM U25 2006"]
[Site "Willingen GER"]
[Date "2006.06.06"]
[Round "5"]
[White "Weber, Andre"]
[Black "Tsoumanis, Konstantinos"]
[Result "1-0"]
[Termination "normal"]
[Board "36"]
[WhiteElo "1611"]
[BlackElo "1322"]
[PlyCount "65"]
[WhiteFideId "24677515"]
[EventCountry "GER"]
[EventRounds "9"]
[EventType "swiss"]
[EventDate "2006.06.03"]

1. e4 e5 2. Nf3 Nc6 3. Bb5 a6 4. Ba4 Nf6 5. O-O b5 6. Bb3 Be7 7. Re1 O-O 8. c3
d6 9. h3 Bb7 10. d4 Na5 11. Bc2 exd4 12. cxd4 c5 13. Nbd2 Nc6 14. Nf1 Nb4 15.
Bb1 Nd7 16. Ng3 Nc6 17. Be3 Bf6 18. Qd2 Nb6 19. b3 Nd7 20. Bc2 Nb4 21. Bd1 Re8
22. a3 Nc6 23. Bc2 Nf8 24. Rad1 Qb6 25. dxc5 dxc5 26. Bg5 Bxg5 27. Qxg5 Ng6 28.
e5 h6 29. Qh5 Nce7 30. e6 fxe6 31. Bxg6 Nxg6 32. Qxg6 Bxf3 33. Rd7 1-0

[Event "3. ODEM U25 2006"]
[Site "Willingen GER"]
[Date "2006.06.06"]
[Round "5"]
[White "Usov, Andreas"]
[Black "Durmisi, Valon"]
[Result "1/2-1/2"]
[Termination "normal"]
[Board "37"]
[WhiteElo "1126"]
[BlackElo "1570"]
[PlyCount "82"]
[WhiteFideId "24601713"]
[EventCountry "GER"]
[EventRounds "9"]
[EventType "swiss"]
[EventDate "2006.06.03"]

1. e4 e5 2. Nf3 Nc6 3. Nc3 Nf6 4. Bb5 Bc5 5. Bxc6 dxc6 6. d3 Qe7 7. Bg5 h6 8.
Bh4 Bg4 9. Qe2 Bd4 10. h3 Bd7 11. Qd2 O-O-O 12. Nxd4 exd4 13. Ne2 g5 14. Bg3
Kb8 15. Nxd4 Nh5 16. O-O-O Nxg3 17. fxg3 Qd6 18. Qe3 Rhe8 19. Nb3 Be6 20. Rd2
f5 21. Qf3 Bxb3 22. axb3 fxe4 23. Qe3 exd3 24. Qxd3 Qe7 25. Qf3 Qe1+ 26. Rxe1
Rxe1+ 27. Qd1 Rxd1+ 28. Kxd1 Rxd2+ 29. Kxd2 Kc8 30. Ke3 Kd7 31. Ke4 Ke6 32. c4
c5 33. g4 c6 34. g3 b6 35. h4 a6 36. hxg5 hxg5 37. Ke3 Ke5 38. Kd3 b5 39. Ke3
a5 40. Kd3 a4 41. bxa4 bxa4 1/2-1/2

[Event "3. ODEM U25 2006"]
[Site "Willingen GER"]
[Date "2006.06.06"]
[Round "5"]
[White "Zimmerer, David"]
[Black "Wisheckel, Florian"]
[Result "0-1"]
[Termination "normal"]
[Board "38"]
[WhiteElo "1226"]
[BlackElo "1482"]
[PlyCount "72"]
[WhiteFideId "4620224"]
[BlackFideId "24678090"]
[EventCountry "GER"]
[EventRounds "9"]
[EventType "swiss"]
[EventDate "2006.06.03"]

1. e4 e5 2. Nf3 Nf6 3. Nxe5 d6 4. Nf3 Nxe4 5. d4 d5 6. Bd3 Be7 7. c4 Bg4 8. O-O
Ng5 9. Bxg5 Bxg5 10. Re1+ Be7 11. Nbd2 O-O 12. Qc2 g6 13. cxd5 Bb4 14. Ne5 Bc8
15. Nef3 Qxd5 16. Re5 Qd8 17. Be4 Bd6 18. Rb5 c6 19. Rb3 Be6 20. Rd3 f5 21. Ng5
Qxg5 22. Rg3 Bxg3 23. fxg3 fxe4 24. Nxe4 Qe3+ 25. Kh1 Bd5 26. Qd2 Qxe4 27. Re1
Nd7 28. Kg1 Bc4 29. Kh1 Rf1+ 30. Rxf1 Bxf1 31. h4 Nf6 32. Qf2 Qe2 33. Qxe2 Bxe2
34. Kg1 Ng4 35. d5 Rf8 36. dxc6 Rf1# 0-1

[Event "3. ODEM U25 2006"]
[Site "Willingen GER"]
[Date "2006.06.06"]
[Round "5"]
[White "Wenninger, Philipp"]
[Black "Eigemann, Julian"]
[Result "0-1"]
[Termination "normal"]
[Board "39"]
[WhiteElo "1021"]
[BlackElo "1468"]
[PlyCount "162"]
[WhiteFideId "4648404"]
[BlackFideId "24666599"]
[EventCountry "GER"]
[EventRounds "9"]
[EventType "swiss"]
[EventDate "2006.06.03"]

1. d4 d5 2. c4 e6 3. Nc3 Nf6 4. Nf3 Nbd7 5. e3 c6 6. Be2 Bb4 7. O-O Bxc3 8.
bxc3 Ne4 9. Bd2 O-O 10. cxd5 exd5 11. Bd3 Ndf6 12. Ne5 c5 13. Bxe4 dxe4 14. Bc1
Be6 15. Qe2 Nd5 16. c4 Nb4 17. d5 Bf5 18. a3 Nd3 19. Nxd3 exd3 20. Qd2 b5 21.
f3 bxc4 22. e4 Bc8 23. Qf2 f5 24. Qxc5 fxe4 25. Qxc4 Qb6+ 26. Kh1 Ba6 27. Qxe4
d2 28. Bxd2 Bxf1 29. Rxf1 Rae8 30. Qd3 Rf7 31. d6 Rd8 32. Bb4 a5 33. Bc3 Rxd6
34. Qc2 Rc6 35. Re1 Qb8 36. Qd2 Rh6 37. g3 Rxf3 38. Qd5+ Rf7 39. Qxa5 Qb7+ 40.
Kg1 Qb6+ 41. Qxb6 Rxb6 42. Bb4 h6 43. Ra1 Kh7 44. Kg2 Kg6 45. Kh3 Rf8 46. Rd1
Rc6 47. Rd3 Rc1 48. Rd6+ Rf6 49. Rd2 h5 50. Re2 Rcf1 51. Bc5 Kh6 52. Be3+ g5
53. Bc5 g4+ 54. Kg2 R1f3 55. Rd2 Rc6 56. Bb4 Re6 57. Rc2 Kg6 58. Rb2 Rfe3 59.
Kf1 Kf7 60. Rc2 Ke8 61. Kf2 Rf3+ 62. Kg2 Kd7 63. Rc5 Re2+ 64. Kg1 Ref2 65. Rc1
Ke6 66. Re1+ Kd5 67. Be7 Kc4 68. Bd6 Kd3 69. Bc5 Rc2 70. Bb4 Rff2 71. Rd1+ Kc4
72. Rd8 Rxh2 73. Rc8+ Kb3 74. Bd6 Rxc8 75. Kxh2 Rc2+ 76. Kh1 Ra2 77. Kg1 Kc3
78. Kf1 Kd3 79. Bc5 Ke4 80. Ke1 Kf3 81. Bd6 h4 0-1

[Event "3. ODEM U25 2006"]
[Site "Willingen GER"]
[Date "2006.06.06"]
[Round "5"]
[White "Rummer, Evi"]
[Black "Dräger, Julian"]
[Result "1-0"]
[Termination "normal"]
[Board "40"]
[WhiteElo "1530"]
[BlackElo "1125"]
[PlyCount "127"]
[WhiteFideId "12900117"]
[EventCountry "GER"]
[EventRounds "9"]
[EventType "swiss"]
[EventDate "2006.06.03"]

1. e4 e5 2. Nf3 Nc6 3. Bc4 Nf6 4. Nc3 Nxe4 5. d3 Nxc3 6. bxc3 d5 7. Bb3 Bg4 8.
O-O Qf6 9. Bxd5 O-O-O 10. Be4 Bc5 11. Bg5 Bxf3 12. Bxf6 Bxd1 13. Bxd8 Nxd8 14.
Raxd1 Rf8 15. Bxh7 g6 16. d4 exd4 17. cxd4 Bb4 18. Rd3 Rh8 19. Rh3 Ne6 20. c3
Bd6 21. Re1 Ng5 22. Rh4 Rxh7 23. Rxh7 Nxh7 24. c4 Bb4 25. Re3 b6 26. a3 Bd6 27.
h3 a5 28. Kf1 Kd7 29. Ke2 Ng5 30. d5 Bc5 31. Rd3 Ne4 32. Rf3 Ng5 33. Rf4 Ke7
34. h4 Nh7 35. Rf3 Nf6 36. Rd3 Kd6 37. Kf3 Ke5 38. a4 Ne4 39. Rd1 Bxf2 40. d6
cxd6 41. Rd5+ Ke6 42. Kxe4 Bxh4 43. Rb5 Bd8 44. g4 Bc7 45. Rb1 Bd8 46. Rf1 Bc7
47. Kd4 Bd8 48. Re1+ Kd7 49. Kd5 Bc7 50. Rf1 Bd8 51. Rxf7+ Be7 52. g5 Ke8 53.
Rg7 Bxg5 54. Rxg6 Be3 55. Re6+ Kd7 56. Rxe3 Kc7 57. Re7+ Kd8 58. Kxd6 b5 59.
cxb5 Kc8 60. b6 Kd8 61. Rh7 Kc8 62. Kc6 Kd8 63. b7 Ke8 64. b8=Q# 1-0

[Event "3. ODEM U25 2006"]
[Site "Willingen GER"]
[Date "2006.06.06"]
[Round "5"]
[White "Stövesand, Peter"]
[Black "Kinzel, Franziska"]
[Result "1-0"]
[Termination "normal"]
[Board "41"]
[WhiteElo "1050"]
[BlackElo "1426"]
[PlyCount "39"]
[WhiteFideId "1270624"]
[EventCountry "GER"]
[EventRounds "9"]
[EventType "swiss"]
[EventDate "2006.06.03"]

1. e4 c6 2. d4 d5 3. Nc3 a6 4. Nf3 dxe4 5. Nxe4 Nd7 6. Bc4 e6 7. Ng3 Bd6 8. O-O
Ne7 9. Qd3 b5 10. Bb3 Bb7 11. Ne4 Bc7 12. c3 Bb6 13. Nd6+ Kf8 14. Nxb7 Qc7 15.
Nc5 Nxc5 16. dxc5 Bxc5 17. Nd4 Rd8 18. Qe4 Nd5 19. Qf3 Bd6 20. Nxe6+ 1-0

[Event "3. ODEM U25 2006"]
[Site "Willingen GER"]
[Date "2006.06.06"]
[Round "5"]
[White "Bauer, Hermann"]
[Black "Biebinger, Eva"]
[Result "0-1"]
[Termination "normal"]
[Board "42"]
[WhiteElo "1022"]
[BlackElo "1344"]
[PlyCount "52"]
[WhiteFideId "24601730"]
[EventCountry "GER"]
[EventRounds "9"]
[EventType "swiss"]
[EventDate "2006.06.03"]

1. d4 Nf6 2. Nc3 e6 3. e4 d5 4. Bg5 Be7 5. f3 O-O 6. e5 Nfd7 7. Bxe7 Qxe7 8.
Bd3 Qh4+ 9. Kf1 g6 10. Nge2 a6 11. Qd2 c5 12. dxc5 Nxc5 13. Qf4 Qxf4 14. Nxf4
Nc6 15. Ke2 Nxe5 16. g4 b5 17. h4 Bb7 18. Raf1 d4 19. Nd1 h6 20. Ng2 Nxg4 21.
Rfg1 Ne5 22. Rf1 Ncxd3 23. cxd3 Rae8 24. Rfg1 Bxf3+ 25. Ke1 Ba8 26. Rh2 Nf3+
0-1

[Event "3. ODEM U25 2006"]
[Site "Willingen GER"]
[Date "2006.06.06"]
[Round "5"]
[White "Imcke, Patrick"]
[Black "Alt, Johannes"]
[Result "1-0"]
[Termination "normal"]
[Board "43"]
[WhiteElo "1186"]
[BlackElo "677"]
[PlyCount "85"]
[WhiteFideId "4622502"]
[BlackFideId "24661074"]
[EventCountry "GER"]
[EventRounds "9"]
[EventType "swiss"]
[EventDate "2006.06.03"]

1. e4 e5 2. Nf3 Nc6 3. Bb5 Nf6 4. O-O Nxe4 5. Re1 d5 6. Nxe5 a6 7. Nxc6 Qf6 8.
Nd4+ axb5 9. Nf3 Bc5 10. d4 Bb4 11. c3 Bd6 12. Nbd2 O-O 13. Nxe4 dxe4 14. Rxe4
Bf5 15. Bg5 Qg6 16. Re1 h6 17. Be7 Bh3 18. g3 Rfe8 19. Bxd6 Rxe1+ 20. Qxe1 cxd6
21. Qd2 Qf6 22. Qf4 Ra4 23. Qxf6 gxf6 24. a3 Rc4 25. Re1 b4 26. axb4 Rc6 27.
Ra1 Bg4 28. Ra8+ Kh7 29. Nd2 d5 30. Ra7 Re6 31. f3 Bh3 32. Kf2 b6 33. Rxf7+ Kg6
34. Rb7 f5 35. Rd7 Rf6 36. Rxd5 f4 37. gxf4 Rxf4 38. Rd6+ Rf6 39. Rxf6+ Kxf6
40. Ke3 Kf5 41. Nc4 b5 42. Nd6+ Ke6 43. Nxb5 1-0

[Event "3. ODEM U25 2006"]
[Site "Willingen GER"]
[Date "2006.06.06"]
[Round "5"]
[White "Holle, Eric"]
[Black "Heinrich, Philipp"]
[Result "0-1"]
[Termination "normal"]
[Board "44"]
[WhiteElo "878"]
[BlackElo "1180"]
[PlyCount "46"]
[WhiteFideId "4624610"]
[EventCountry "GER"]
[EventRounds "9"]
[EventType "swiss"]
[EventDate "2006.06.03"]

1. e4 e5 2. Nf3 Nc6 3. Bc4 Bc5 4. Nc3 Nf6 5. O-O d6 6. h3 Be6 7. Bb3 Qe7 8. d3
h6 9. Be3 O-O-O 10. Ba4 Bd7 11. Bb3 Rdg8 12. Nd5 Qd8 13. Qe2 g5 14. Nh2 h5 15.
Qf3 Nxd5 16. Bxd5 Be6 17. Bxc6 g4 18. Bxb7+ Kxb7 19. hxg4 hxg4 20. Qg3 Rh3 21.
gxh3 gxh3 22. Qxg8 Qxg8+ 23. Kh1 Qg2# 0-1

[Event "3. ODEM U25 2006"]
[Site "Willingen GER"]
[Date "2006.06.06"]
[Round "5"]
[White "Hauffen, Kai"]
[Black "Brühan, Jan"]
[Result "1-0"]
[Termination "normal"]
[Board "47"]
[WhiteElo "1218"]
[BlackElo "1007"]
[PlyCount "105"]
[EventCountry "GER"]
[EventRounds "9"]
[EventType "swiss"]
[EventDate "2006.06.03"]

1. e4 e5 2. Bc4 Bc5 3. Nf3 Nf6 4. O-O d6 5. Nc3 Bg4 6. d3 h6 7. Be3 Nc6 8. h3
Bh5 9. Na4 Bxe3 10. fxe3 a6 11. Nc3 b5 12. Bb3 b4 13. Nd5 Na5 14. Ba4+ c6 15.
Nxb4 Qb6 16. Qd2 O-O 17. Rab1 c5 18. Nd5 Nxd5 19. exd5 c4 20. Kh1 cxd3 21. Qxd3
f5 22. Nd2 e4 23. Qc3 Rac8 24. Qd4 Qxd4 25. exd4 e3 26. Nf3 Nc4 27. Rg1 Rb8 28.
Bb3 Nd2 29. Nxd2 exd2 30. c3 Rxb3 31. axb3 d1=Q 32. Rgxd1 Bxd1 33. Rxd1 a5 34.
Re1 Rb8 35. Kh2 Rxb3 36. Re2 a4 37. Rc2 Kf7 38. Kg3 g5 39. Kf3 Ke7 40. g4 fxg4+
41. Kxg4 Kf6 42. Kh5 Kg7 43. h4 gxh4 44. Kxh4 a3 45. bxa3 Rxa3 46. c4 Ra4 47.
Kh5 Rb4 48. c5 Rxd4 49. c6 Rxd5+ 50. Kg4 h5+ 51. Kh4 Kg6 52. c7 Rd1 53. c8=Q
1-0

[Event "3. ODEM U25 2006"]
[Site "Willingen GER"]
[Date "2006.06.06"]
[Round "5"]
[White "Groß, Jonathan"]
[Black "Plumbaum, Nadja"]
[Result "1/2-1/2"]
[Termination "normal"]
[Board "48"]
[WhiteElo "1008"]
[BlackElo "971"]
[PlyCount "38"]
[BlackFideId "24691941"]
[EventCountry "GER"]
[EventRounds "9"]
[EventType "swiss"]
[EventDate "2006.06.03"]

1. e4 c5 2. Nf3 Nc6 3. c3 Nf6 4. d3 d6 5. Be3 g6 6. d4 cxd4 7. Nxd4 Nxe4 8. Bd3
Nf6 9. Qa4 Bd7 10. a3 Bg7 11. O-O O-O 12. Nxc6 Bxc6 13. Qh4 Qa5 14. Be2 Rfc8
15. Nd2 Qd8 16. Nf3 Rc7 17. Ng5 h5 18. Bd4 e6 19. f3 Re7 1/2-1/2

[Event "3. ODEM U25 2006"]
[Site "Willingen GER"]
[Date "2006.06.06"]
[Round "5"]
[White "Knies, Jonas"]
[Black "Weißbeck, Joachim Daniel"]
[Result "0-1"]
[Termination "normal"]
[Board "49"]
[WhiteElo "1191"]
[BlackElo "1233"]
[PlyCount "70"]
[WhiteFideId "4635167"]
[BlackFideId "4639227"]
[EventCountry "GER"]
[EventRounds "9"]
[EventType "swiss"]
[EventDate "2006.06.03"]

1. e4 e5 2. Bc4 Nf6 3. d3 d5 4. exd5 Nxd5 5. Nf3 f6 6. Nc3 Be6 7. Qe2 Nxc3 8.
bxc3 Bxc4 9. dxc4 Nc6 10. Be3 Ba3 11. Rb1 Rb8 12. O-O O-O 13. c5 Na5 14. Qb5 b6
15. cxb6 cxb6 16. Rbd1 Qe8 17. Qd5+ Qf7 18. Qd7 Qxd7 19. Rxd7 Rb7 20. Rfd1 Rfb8
21. Nh4 Rxd7 22. Rxd7 Rb7 23. Rd8+ Kf7 24. Nf5 g6 25. Nh6+ Ke6 26. f4 Nc4 27.
Kf2 Nxe3 28. Kxe3 Bc1+ 29. Kf3 Bxf4 30. Ng4 f5 31. Nf2 Bxh2 32. Rd1 Rd7 33. Rh1
Bf4 34. Nh3 Bd2 35. Ng5+ Bxg5 0-1

[Event "3. ODEM U25 2006"]
[Site "Willingen GER"]
[Date "2006.06.06"]
[Round "5"]
[White "Scheidel, Marius"]
[Black "Lebeda, Lukas"]
[Result "1/2-1/2"]
[Termination "normal"]
[Board "50"]
[WhiteElo "1014"]
[BlackElo "1253"]
[PlyCount "52"]
[EventCountry "GER"]
[EventRounds "9"]
[EventType "swiss"]
[EventDate "2006.06.03"]

1. d4 Nf6 2. Bf4 g6 3. e3 Bg7 4. Nd2 d6 5. h3 Nbd7 6. Ngf3 O-O 7. Bh2 d5 8. Be2
c5 9. c3 b6 10. a4 Bb7 11. Qc2 cxd4 12. exd4 Nb8 13. O-O Nc6 14. Rfe1 e6 15.
Bf1 Qc8 16. Ne5 Nd7 17. Nxd7 Qxd7 18. Nf3 Rfc8 19. Ne5 Nxe5 20. Bxe5 a6 21.
Bxg7 Kxg7 22. a5 b5 23. Bd3 Rc6 24. Qb3 Rac8 25. Qb4 Qd8 26. g4 Qf8 1/2-1/2

[Event "3. ODEM U25 2006"]
[Site "Willingen GER"]
[Date "2006.06.06"]
[Round "5"]
[White "Neumair, Dorian"]
[Black "Naundorf, Jo-Jan"]
[Result "0-1"]
[Termination "normal"]
[Board "51"]
[WhiteElo "950"]
[BlackElo "1244"]
[PlyCount "100"]
[EventCountry "GER"]
[EventRounds "9"]
[EventType "swiss"]
[EventDate "2006.06.03"]

1. e4 c5 2. Nf3 d6 3. d4 cxd4 4. Qxd4 Nc6 5. Bb5 Nf6 6. Bxc6+ bxc6 7. Nc3 c5 8.
Qd3 g6 9. Bg5 Bg7 10. O-O O-O 11. Qd2 Bg4 12. Qe2 Rb8 13. b3 Qd7 14. Rad1 h6
15. Bf4 Kh7 16. e5 Nh5 17. Bg3 Nxg3 18. hxg3 Bxf3 19. Qxf3 Bxe5 20. Nd5 f5 21.
Rfe1 Qb7 22. g4 e6 23. Ne3 Qxf3 24. gxf3 Rb4 25. Nc4 fxg4 26. Nxe5 dxe5 27.
Rxe5 Rxf3 28. Rxe6 Rbf4 29. Rd7+ Rf7 30. Rd2 Rc7 31. a3 h5 32. Rdd6 Rg7 33. Rc6
Rc3 34. Re2 h4 35. Kg2 h3+ 36. Kh2 Kh6 37. Rd6 Kh5 38. Re1 Rxc2 39. Rf1 Kh4 40.
Rf6 g3+ 41. Kh1 g2+ 42. Kg1 gxf1=Q+ 43. Kxf1 Rc1+ 44. Ke2 h2 45. Rf4+ Kg5 46.
Rf3 h1=Q 47. Rg3+ Kh4 48. Rf3 Qd1+ 49. Ke3 Re7+ 50. Kf4 Qd4# 0-1

[Event "3. ODEM U25 2006"]
[Site "Willingen GER"]
[Date "2006.06.09"]
[Round "8"]
[White "Lantzsch, Christian"]
[Black "Rau, Hannes"]
[Result "0-1"]
[Termination "normal"]
[Board "1"]
[BlackTitle "IM"]
[WhiteElo "2210"]
[BlackElo "2395"]
[PlyCount "102"]
[WhiteFideId "4659821"]
[BlackFideId "4657594"]
[EventCountry "GER"]
[EventRounds "9"]
[EventType "swiss"]
[EventDate "2006.06.03"]

1. d4 Nf6 2. Nf3 e6 3. e3 c5 4. Bd3 d5 5. O-O Nc6 6. b3 Qc7 7. Bb2 cxd4 8. exd4
Nb4 9. Bb5+ Bd7 10. Bxd7+ Qxd7 11. Nbd2 Be7 12. Ne5 Qc7 13. c4 O-O 14. c5 Nd7
15. Nxd7 Qxd7 16. Nf3 Nc6 17. Re1 b6 18. cxb6 axb6 19. a4 b5 20. Ne5 Nxe5 21.
dxe5 bxa4 22. bxa4 Rfc8 23. Re4 Qb7 24. Re2 Rc4 25. g3 Qc6 26. Qb3 Rcxa4 27.
Rxa4 Qxa4 28. Qxa4 Rxa4 29. Rc2 g5 30. Rc7 Bf8 31. Bc1 h6 32. Kg2 Kg7 33. Rc8
Be7 34. Rc7 Bd8 35. Rc6 g4 36. h3 gxh3+ 37. Kxh3 Rc4 38. Rxc4 dxc4 39. Kg2 Kg6
40. g4 Bb6 41. Bb2 h5 42. gxh5+ Kxh5 43. Kf3 Kg5 44. Ke4 Bxf2 45. Bc3 Kg4 46.
Bd2 Bc5 47. Bc3 Kg3 48. Be1+ Kg2 49. Bd2 Kf1 50. Kf3 Bd4 51. Bf4 Bb2 0-1

[Event "3. ODEM U25 2006"]
[Site "Willingen GER"]
[Date "2006.06.09"]
[Round "8"]
[White "Bissbort, Julian"]
[Black "Patzer, Stefan"]
[Result "1-0"]
[Termination "normal"]
[Board "2"]
[WhiteElo "2042"]
[BlackElo "2033"]
[PlyCount "81"]
[WhiteFideId "24618144"]
[BlackFideId "24601209"]
[EventCountry "GER"]
[EventRounds "9"]
[EventType "swiss"]
[EventDate "2006.06.03"]

1. e4 e5 2. Nf3 Nc6 3. Bc4 Nf6 4. d4 exd4 5. O-O d5 6. exd5 Nxd5 7. Nxd4 Be7 8.
Nxc6 bxc6 9. Qf3 O-O 10. Nd2 Be6 11. Nb3 Bf6 12. Nc5 Qe7 13. Nxe6 Qxe6 14. c3
Rab8 15. Bb3 a5 16. c4 Nb6 17. Bf4 Rbc8 18. Rfe1 Qf5 19. g4 Qg6 20. Re2 h5 21.
h3 hxg4 22. hxg4 Bg5 23. Bc2 Qh6 24. Bg3 Nxc4 25. Kg2 Nd6 26. Rh1 Qf6 27. Bh7+
Kh8 28. Bf5+ Kg8 29. Be5 Qd8 30. Bxc8 Qxc8 31. Qh3 f6 32. Qh8+ Kf7 33. Qh5+ Kg8
34. Bxd6 cxd6 35. Qh7+ Kf7 36. Qh5+ Kg8 37. Re7 Bh6 38. Qg6 Qd8 39. Rhe1 Qc8
40. Re8 Qd7 41. R1e7 1-0

[Event "3. ODEM U25 2006"]
[Site "Willingen GER"]
[Date "2006.06.09"]
[Round "8"]
[White "Daum, Norman"]
[Black "Grüner, Sven"]
[Result "1-0"]
[Termination "normal"]
[Board "3"]
[WhiteElo "2150"]
[BlackElo "2107"]
[PlyCount "63"]
[WhiteFideId "4690052"]
[BlackFideId "4687221"]
[EventCountry "GER"]
[EventRounds "9"]
[EventType "swiss"]
[EventDate "2006.06.03"]

1. e4 d6 2. d4 Nf6 3. Bd3 e5 4. c3 d5 5. dxe5 Nxe4 6. Nf3 Nc6 7. Qe2 Nc5 8. Bc2
Bg4 9. O-O Be7 10. Nbd2 d4 11. Be4 Nxe4 12. Qxe4 dxc3 13. Qxg4 cxd2 14. Qxg7
Rf8 15. Bxd2 Qd3 16. Qg4 h5 17. Qh3 Rd8 18. Bh6 Rg8 19. Qxh5 Rd5 20. Bf4 Nd4
21. Nxd4 Qxd4 22. Bg3 Qxb2 23. Qh7 Rg6 24. Qh8+ Bf8 25. Rab1 Qxa2 26. Rxb7 Rb6
27. Rxc7 Rb1 28. Rc8+ Kd7 29. Qh3+ Ke7 30. Bh4+ f6 31. Rc7+ Ke8 32. Qe6+ 1-0